Catálogo
 En Linea

La migración femenina paraguaya en las cadenas globales de cuidados en Argentina : (Registro nro. 49076)

Detalles MARC
000 -CABECERA
campo de control de longitud fija 01360nam a22002417a 4500
003 - IDENTIFICADOR DEL NÚMERO DE CONTROL
campo de control OSt
005 - FECHA Y HORA DE LA ÚLTIMA TRANSACCIÓN
campo de control 20201105101440.0
008 - DATOS DE LONGITUD FIJA--INFORMACIÓN GENERAL
campo de control de longitud fija 201105b ||||| |||| 00| 0 eng d
020 ## - NÚMERO INTERNACIONAL ESTÁNDAR DEL LIBRO
Número Internacional Estándar del Libro 978193629163-2
040 ## - FUENTE DE LA CATALOGACIÓN
Centro catalogador/agencia de origen DO-SdBNP
Lengua de catalogación spa
Centro/agencia transcriptor BNPHU
100 1# - ENTRADA PRINCIPAL--NOMBRE DE PERSONA
Nombre de persona Soto, Clyde
9 (RLIN) 77154
245 10 - MENCIÓN DE TÍTULO
Título La migración femenina paraguaya en las cadenas globales de cuidados en Argentina :
Resto del título transferencias de cuidados y desigualdades de género /
Mención de responsabilidad, etc. Clyde Soto, Myrian González, Patricio Dobrée.
260 ## - PUBLICACIÓN, DISTRIBUCIÓN, ETC.
Lugar de publicación, distribución, etc. Santo Domingo
Nombre del editor, distribuidor, etc. ONU Mujeres,
Fecha de publicación, distribución, etc. 2012.
300 ## - DESCRIPCIÓN FÍSICA
Extensión 268 p. :
Otras características físicas il., gráfcs. ;
Dimensiones 21 cm.
500 ## - NOTA GENERAL
Nota general Incluye referencias bibliográficas y notas al pie de las páginas.
504 ## - NOTA DE BIBLIOGRAFÍA, ETC.
Nota de bibliografía, etc. Bibliografía : p. 259-264
505 0# - NOTA DE CONTENIDO CON FORMATO
Nota de contenido con formato Prólogo --
Título Introducción --
-- Aproximaciones conceptuales al tema --
-- Metodología --
-- La organización social y el derecho a los ciudadanos en Paraguay --
-- Coyuntura, debates y actores centrales --
-- Las mujeres paraguayas en las cadenas globales de cuidados --
-- Conclusiones --
-- Acciones para un diálogo político --
-- Bibliografía --
-- Anexo: Cuadro sobre el cuidado y su redistribución entre mujeres y hombre en los Planes de Igualdad de Oportunidades del Paraguay --
590 ## - NOTA LOCAL (RLIN)
Nota local Inventariado, 2020 /LP
700 1# - PUNTO DE ACCESO ADICIONAL--NOMBRE DE PERSONA
Nombre de persona González, Myrian
9 (RLIN) 77155
700 1# - PUNTO DE ACCESO ADICIONAL--NOMBRE DE PERSONA
Nombre de persona Dobrée, Patricio
9 (RLIN) 77156
942 ## - ELEMENTOS DE PUNTO DE ACCESO ADICIONAL (KOHA)
Fuente del sistema de clasificación o colocación Dewey Decimal Classification
Tipo de ítem Koha Libro
956 ## - LOCALIZACIÓN Y ACCESO ELECTRÓNICOS LOCAL (OCLC)
Nombre del host LOPEREZ
Existencias
Estado de retiro Estado de pérdida Fuente del sistema de clasificación o colocación Restricciones de uso No para préstamo Código de colección Localización permanente Ubicación/localización actual Ubicación en estantería Fecha de adquisición Fuente de adquisición Total de préstamos Fecha visto por última vez Precio válido a partir de Tipo de ítem Koha
    Dewey Decimal Classification Préstamo interno   Monografías: Libros y Folletos Biblioteca Nacional Pedro Henríquez Ureña Patrimonio Dominicano En catalogación 05.11.2020 Donado Arlenes Baez   05.11.2020 05.11.2020 Libro

Con tecnología Koha